[Event "Rapide Nancy 2018"]
[Site "Nancy"]
[Date "2018.03.04"]
[Round "7.1"]
[White "BOK, Benjamin"]
[Black "FEDORCHUK, Sergey"]
[Result "1-0"]
[BlackElo "2681"]
[WhiteElo "2619"]
[LiveChessVersion "1.4.8"]

1. e4 {[%clk 0:15:03]} c5 {[%clk 0:15:04]} 2. Nf3 {[%clk 0:15:05]} e6
{[%clk 0:15:05]} 3. d4 {[%clk 0:15:07]} cxd4 {[%clk 0:15:06]} 4. Nxd4
{[%clk 0:15:08]} a6 {[%clk 0:15:07]} 5. Bd3 {[%clk 0:15:10]} Bc5 {[%clk 0:15:08]}
6. Nb3 {[%clk 0:15:12]} Be7 {[%clk 0:15:08]} 7. Qg4 {[%clk 0:15:13]} g6
{[%clk 0:15:10]} 8. Qe2 {[%clk 0:15:00]} d6 {[%clk 0:15:10]} 9. O-O
{[%clk 0:15:00]} Nd7 {[%clk 0:14:55]} 10. a4 {[%clk 0:14:30]} Ne5
{[%clk 0:14:32]} 11. Nc3 {[%clk 0:13:23]} Nf6 {[%clk 0:14:14]} 12. Bh6
{[%clk 0:13:10]} Nfg4 {[%clk 0:14:03]} 13. Bd2 {[%clk 0:13:09]} Nf6
{[%clk 0:13:53]} 14. a5 {[%clk 0:12:54]} Bd7 {[%clk 0:13:09]} 15. Be3
{[%clk 0:12:13]} O-O {[%clk 0:13:01]} 16. f4 {[%clk 0:10:49]} Nxd3
{[%clk 0:12:51]} 17. cxd3 {[%clk 0:10:51]} Rc8 {[%clk 0:12:42]} 18. Kh1
{[%clk 0:09:38]} Nh5 {[%clk 0:09:32]} 19. Nd2 {[%clk 0:07:37]} Bf6
{[%clk 0:08:14]} 20. Nc4 {[%clk 0:07:26]} Bc6 {[%clk 0:07:37]} 21. Nb6
{[%clk 0:03:27]} Rc7 {[%clk 0:07:37]} 22. d4 {[%clk 0:02:44]} Bd7
{[%clk 0:05:40]} 23. Rad1 {[%clk 0:02:32]} Bg7 {[%clk 0:05:20]} 24. e5
{[%clk 0:02:04]} Bc6 {[%clk 0:04:37]} 25. Kg1 {[%clk 0:01:50]} dxe5
{[%clk 0:01:39]} 26. dxe5 {[%clk 0:01:52]} Qh4 {[%clk 0:01:41]} 27. g4
{[%clk 0:00:13]} Ng3 {[%clk 0:00:14]} 28. Qf2 {[%clk 0:00:14]} Nxf1
{[%clk 0:00:16]} 29. Qxh4 {[%clk 0:00:16]} Nxe3 {[%clk 0:00:18]} 30. Rd8
{[%clk 0:00:18]} Be8 1-0

[Event "Rapide Nancy 2018"]
[Site "Nancy"]
[Date "2018.03.04"]
[Round "7.2"]
[White "DONCHENKO, Alexander"]
[Black "GUREVICH, Mikhail"]
[Result "1-0"]
[BlackElo "2594"]
[WhiteElo "2443"]
[LiveChessVersion "1.4.8"]

1. c4 {[%clk 0:15:05]} c6 {[%clk 0:14:43]} 2. d4 {[%clk 0:15:06]} d5
{[%clk 0:14:45]} 3. Nf3 {[%clk 0:15:07]} Nf6 {[%clk 0:14:47]} 4. Qc2
{[%clk 0:15:01]} dxc4 {[%clk 0:14:46]} 5. Qxc4 {[%clk 0:15:03]} Bf5
{[%clk 0:14:47]} 6. g3 {[%clk 0:15:04]} e6 {[%clk 0:14:49]} 7. Bg2
{[%clk 0:15:06]} Nbd7 {[%clk 0:14:50]} 8. O-O {[%clk 0:15:07]} Be7
{[%clk 0:14:51]} 9. e3 {[%clk 0:15:08]} O-O {[%clk 0:14:45]} 10. Qe2
{[%clk 0:15:09]} Bg6 {[%clk 0:12:10]} 11. Rd1 {[%clk 0:14:56]} Qc7
{[%clk 0:11:38]} 12. Nc3 {[%clk 0:14:09]} Ne4 {[%clk 0:11:06]} 13. Ne1
{[%clk 0:13:59]} Ndf6 {[%clk 0:10:15]} 14. Nd3 {[%clk 0:13:49]} Nxc3
{[%clk 0:09:18]} 15. bxc3 {[%clk 0:13:50]} Be4 {[%clk 0:09:11]} 16. f3
{[%clk 0:13:31]} Bd5 {[%clk 0:08:44]} 17. Ne5 {[%clk 0:13:29]} c5
{[%clk 0:08:37]} 18. e4 {[%clk 0:13:07]} Bc6 {[%clk 0:08:39]} 19. Nxc6
{[%clk 0:12:18]} Qxc6 {[%clk 0:08:19]} 20. Rb1 {[%clk 0:12:06]} cxd4
{[%clk 0:07:22]} 21. cxd4 {[%clk 0:12:06]} b6 {[%clk 0:07:20]} 22. Bf1
{[%clk 0:10:19]} Rac8 {[%clk 0:06:50]} 23. Qa6 {[%clk 0:09:49]} Qa8
{[%clk 0:06:31]} 24. Bb2 {[%clk 0:09:07]} Rfd8 {[%clk 0:06:17]} 25. Rbc1
{[%clk 0:08:39]} Nd7 {[%clk 0:05:22]} 26. Bb5 {[%clk 0:07:48]} Nf8
{[%clk 0:04:59]} 27. Qa4 {[%clk 0:06:56]} Qb8 {[%clk 0:04:36]} 28. Kg2
{[%clk 0:06:32]} Ng6 {[%clk 0:04:07]} 29. Bc6 {[%clk 0:05:03]} Rc7
{[%clk 0:03:27]} 30. Bb5 {[%clk 0:04:36]} Rxc1 {[%clk 0:03:09]} 31. Rxc1
{[%clk 0:04:38]} e5 {[%clk 0:03:11]} 32. d5 {[%clk 0:04:35]} Bc5 {[%clk 0:03:09]}
33. Ba3 {[%clk 0:04:18]} Bxa3 {[%clk 0:01:25]} 34. Qxa3 Qb7 35. d6
{[%clk 0:03:59]} Nf8 {[%clk 0:01:06]} 36. Rc7 {[%clk 0:03:57]} Qb8
{[%clk 0:01:09]} 37. Ba6 {[%clk 0:01:52]} Ne6 {[%clk 0:00:57]} 38. Qc3
{[%clk 0:01:44]} Rf8 {[%clk 0:00:34]} 39. Qxe5 {[%clk 0:01:38]} Qd8
{[%clk 0:00:28]} 40. Rxa7 {[%clk 0:01:32]} Qb8 {[%clk 0:00:18]} 41. Re7
{[%clk 0:01:28]} Rd8 {[%clk 0:00:08]} 42. Rxe6 {[%clk 0:00:46]} fxe6
{[%clk 0:00:09]} 43. Qxe6+ {[%clk 0:00:48]} Kh8 {[%clk 0:00:11]} 44. e5
{[%clk 0:00:50]} Qa8 {[%clk 0:00:11]} 45. Bd3 {[%clk 0:00:51]} Qa3
{[%clk 0:00:10]} 46. Be4 {[%clk 0:00:19]} Qc5 {[%clk 0:00:10]} 47. Qf5
{[%clk 0:00:19]} 1-0

[Event "Rapide Nancy 2018"]
[Site "Nancy"]
[Date "2018.03.04"]
[Round "7.3"]
[White "BELLAHCENE, Bilel"]
[Black "LE ROUX, Jean-Pierre"]
[Result "1-0"]
[BlackElo "2563"]
[WhiteElo "2409"]
[LiveChessVersion "1.4.8"]

1. e4 {[%clk 0:15:04]} c6 {[%clk 0:15:01]} 2. d4 {[%clk 0:15:05]} d5
{[%clk 0:15:02]} 3. e5 {[%clk 0:15:07]} Bf5 {[%clk 0:15:02]} 4. h4
{[%clk 0:15:09]} Qc7 {[%clk 0:14:58]} 5. g4 {[%clk 0:14:20]} Bd7 {[%clk 0:15:00]}
6. Nc3 {[%clk 0:14:17]} a6 {[%clk 0:14:55]} 7. Be3 {[%clk 0:13:56]} e6
{[%clk 0:14:34]} 8. f4 {[%clk 0:13:57]} c5 {[%clk 0:14:35]} 9. Nce2
{[%clk 0:13:58]} h5 {[%clk 0:11:57]} 10. gxh5 {[%clk 0:13:47]} Ne7
{[%clk 0:10:23]} 11. Bh3 {[%clk 0:13:30]} cxd4 {[%clk 0:08:12]} 12. Nxd4
{[%clk 0:13:28]} Nbc6 {[%clk 0:08:14]} 13. Ngf3 {[%clk 0:13:21]} Rxh5
{[%clk 0:07:49]} 14. Bg4 {[%clk 0:12:36]} Rh8 {[%clk 0:07:45]} 15. Qd2
{[%clk 0:12:30]} O-O-O {[%clk 0:06:39]} 16. O-O-O {[%clk 0:12:01]} Kb8
{[%clk 0:06:15]} 17. Kb1 {[%clk 0:11:58]} Nxd4 {[%clk 0:05:17]} 18. Nxd4
{[%clk 0:12:00]} Nc6 {[%clk 0:04:22]} 19. Nb3 {[%clk 0:11:43]} Bc8
{[%clk 0:03:31]} 20. Qf2 {[%clk 0:11:43]} Qe7 {[%clk 0:02:59]} 21. Bb6
{[%clk 0:11:35]} Re8 {[%clk 0:03:00]} 22. h5 {[%clk 0:11:31]} f6 {[%clk 0:02:20]}
23. Nd4 {[%clk 0:09:44]} Nxd4 {[%clk 0:01:07]} 24. Bxd4 {[%clk 0:09:40]} f5
{[%clk 0:00:48]} 25. Be2 {[%clk 0:09:42]} Qc7 {[%clk 0:00:47]} 26. Rh3
{[%clk 0:09:41]} g6 {[%clk 0:00:30]} 27. Rc3 {[%clk 0:08:23]} Qf7
{[%clk 0:00:27]} 28. hxg6 {[%clk 0:08:24]} Qxg6 {[%clk 0:00:30]} 29. Ba7+
{[%clk 0:08:16]} Ka8 {[%clk 0:00:31]} 30. Qb6 {[%clk 0:08:18]} 1-0

[Event "Rapide Nancy 2018"]
[Site "Nancy"]
[Date "2018.03.04"]
[Round "7.4"]
[White "KEKELIDZE, Mikheil"]
[Black "SHCHEKACHEV, Andrei"]
[Result "0-1"]
[BlackElo "2558"]
[WhiteElo "2408"]
[LiveChessVersion "1.4.8"]

1. d4 {[%clk 0:15:05]} Nf6 {[%clk 0:15:00]} 2. c4 {[%clk 0:15:06]} e6
{[%clk 0:15:01]} 3. Nf3 {[%clk 0:15:06]} Bb4+ {[%clk 0:15:02]} 4. Nbd2
{[%clk 0:15:04]} O-O {[%clk 0:15:00]} 5. g3 {[%clk 0:15:06]} d5 {[%clk 0:14:41]}
6. Qc2 {[%clk 0:15:07]} b6 {[%clk 0:14:25]} 7. Bg2 {[%clk 0:15:03]} Bb7
{[%clk 0:14:21]} 8. O-O {[%clk 0:15:01]} Be7 {[%clk 0:13:39]} 9. cxd5
{[%clk 0:14:48]} exd5 {[%clk 0:13:38]} 10. Ne5 {[%clk 0:14:21]} Qc8
{[%clk 0:12:58]} 11. b3 {[%clk 0:13:54]} Na6 {[%clk 0:12:34]} 12. Bb2
{[%clk 0:13:08]} Qe6 {[%clk 0:11:28]} 13. Rac1 {[%clk 0:12:51]} c5
{[%clk 0:11:11]} 14. Qb1 {[%clk 0:12:27]} Bd6 {[%clk 0:10:44]} 15. e3
{[%clk 0:09:47]} Rac8 {[%clk 0:09:53]} 16. Rfe1 {[%clk 0:09:27]} Rfe8
{[%clk 0:09:23]} 17. h3 {[%clk 0:09:03]} Qe7 {[%clk 0:08:33]} 18. f4
{[%clk 0:08:05]} Rc7 {[%clk 0:07:56]} 19. g4 {[%clk 0:07:58]} g6 {[%clk 0:07:43]}
20. Qa1 {[%clk 0:07:42]} Nd7 {[%clk 0:05:57]} 21. e4 {[%clk 0:03:55]} cxd4
{[%clk 0:05:12]} 22. Nxd7 {[%clk 0:03:28]} Qxd7 {[%clk 0:04:55]} 23. e5
{[%clk 0:02:34]} Bb4 {[%clk 0:04:51]} 24. Nf3 {[%clk 0:01:29]} Nc5
{[%clk 0:03:15]} 25. Red1 {[%clk 0:01:10]} Ne6 {[%clk 0:02:24]} 26. Rxc7
{[%clk 0:00:46]} Qxc7 {[%clk 0:02:26]} 27. f5 {[%clk 0:00:36]} Nf4
{[%clk 0:02:19]} 28. Bxd4 {[%clk 0:00:10]} Qc2 {[%clk 0:02:04]} 29. Bf1
{[%clk 0:00:12]} Qe4 {[%clk 0:02:05]} 30. Ng5 {[%clk 0:00:08]} Qc2
{[%clk 0:01:28]} 31. e6 {[%clk 0:00:10]} fxe6 {[%clk 0:01:16]} 32. fxe6
{[%clk 0:00:12]} Nxe6 {[%clk 0:00:58]} 33. Nxe6 {[%clk 0:00:11]} Rxe6
{[%clk 0:00:57]} 34. Rc1 {[%clk 0:00:11]} Qe4 {[%clk 0:00:55]} 35. Rc7
{[%clk 0:00:12]} Re7 {[%clk 0:00:53]} 36. Rxe7 {[%clk 0:00:13]} Qxe7
{[%clk 0:00:55]} 37. Qd1 {[%clk 0:00:13]} Bc5 {[%clk 0:00:55]} 38. Bg2
{[%clk 0:00:13]} Qe5 {[%clk 0:00:53]} 39. Bxc5 {[%clk 0:00:09]} bxc5
{[%clk 0:00:55]} 40. Qd2 {[%clk 0:00:08]} a6 {[%clk 0:00:39]} 41. b4
{[%clk 0:00:10]} Qd6 {[%clk 0:00:35]} 42. bxc5 {[%clk 0:00:11]} Qxc5+
{[%clk 0:00:37]} 43. Kh1 {[%clk 0:00:12]} Bc6 {[%clk 0:00:31]} 44. g5
{[%clk 0:00:14]} d4 {[%clk 0:00:29]} 45. Bxc6 {[%clk 0:00:13]} Qxc6+
{[%clk 0:00:31]} 46. Kg1 {[%clk 0:00:14]} Qc3 {[%clk 0:00:30]} 47. Qe2
{[%clk 0:00:11]} Qg3+ {[%clk 0:00:29]} 48. Qg2 {[%clk 0:00:10]} Qe3+
{[%clk 0:00:30]} 49. Kf1 {[%clk 0:00:11]} Qc1+ {[%clk 0:00:31]} 50. Kf2
{[%clk 0:00:13]} Qc2+ {[%clk 0:00:31]} 51. Kf1 {[%clk 0:00:12]} Qb1+
{[%clk 0:00:32]} 52. Kf2 {[%clk 0:00:13]} Qxa2+ {[%clk 0:00:33]} 53. Kg3
{[%clk 0:00:15]} Qxg2+ {[%clk 0:00:35]} 54. Kxg2 {[%clk 0:00:16]} Kf7
{[%clk 0:00:36]} 0-1

[Event "Rapide Nancy 2018"]
[Site "Nancy"]
[Date "2018.03.04"]
[Round "8.1"]
[White "FEDORCHUK, Sergey"]
[Black "DONCHENKO, Alexander"]
[Result "0-1"]
[BlackElo "2443"]
[WhiteElo "2681"]
[LiveChessVersion "1.4.8"]

1. e4 {[%clk 0:15:04]} c6 {[%clk 0:15:05]} 2. d4 {[%clk 0:14:52]} d5
{[%clk 0:15:07]} 3. Nd2 {[%clk 0:14:52]} dxe4 {[%clk 0:15:08]} 4. Nxe4
{[%clk 0:14:53]} Bf5 {[%clk 0:15:09]} 5. Ng3 {[%clk 0:14:54]} Bg6
{[%clk 0:15:11]} 6. Nh3 {[%clk 0:14:54]} Nf6 {[%clk 0:15:12]} 7. c3
{[%clk 0:14:56]} Nbd7 {[%clk 0:14:45]} 8. Nf4 {[%clk 0:12:05]} e5
{[%clk 0:14:41]} 9. Nxg6 {[%clk 0:11:33]} hxg6 {[%clk 0:14:42]} 10. Be2
{[%clk 0:11:32]} exd4 {[%clk 0:14:21]} 11. Qxd4 {[%clk 0:11:33]} Bc5
{[%clk 0:14:16]} 12. Qf4 {[%clk 0:10:50]} Qe7 {[%clk 0:13:58]} 13. O-O
{[%clk 0:09:42]} O-O-O {[%clk 0:13:38]} 14. b4 {[%clk 0:08:37]} Nd5
{[%clk 0:11:46]} 15. Qc4 {[%clk 0:06:59]} Bb6 {[%clk 0:10:04]} 16. b5
{[%clk 0:02:48]} Ne5 {[%clk 0:09:09]} 17. Qe4 {[%clk 0:02:18]} f5
{[%clk 0:07:20]} 18. Nxf5 {[%clk 0:02:03]} gxf5 {[%clk 0:07:18]} 19. Qxf5+
{[%clk 0:02:05]} Nd7 {[%clk 0:05:28]} 20. bxc6 {[%clk 0:01:47]} bxc6
{[%clk 0:05:07]} 21. Ba6+ {[%clk 0:01:40]} Kb8 {[%clk 0:05:04]} 22. g3
{[%clk 0:00:53]} Rdf8 {[%clk 0:04:45]} 23. Qc2 {[%clk 0:00:43]} Qe6
{[%clk 0:03:47]} 24. Rb1 {[%clk 0:00:24]} Qh3 {[%clk 0:03:35]} 25. Rxb6+
{[%clk 0:00:26]} axb6 {[%clk 0:03:32]} 26. f4 {[%clk 0:00:27]} Re8
{[%clk 0:03:08]} 27. Qf2 {[%clk 0:00:16]} Nc5 {[%clk 0:02:45]} 28. Bc4
{[%clk 0:00:13]} Ne4 {[%clk 0:02:24]} 29. Qf3 {[%clk 0:00:10]} Qxh2#
{[%clk 0:15:03]} 0-1

[Event "Rapide Nancy 2018"]
[Site "Nancy"]
[Date "2018.03.04"]
[Round "8.3"]
[White "SHCHEKACHEV, Andrei"]
[Black "HAUB, Thorsten Michael"]
[Result "1-0"]
[BlackElo "2470"]
[WhiteElo "2558"]
[LiveChessVersion "1.4.8"]

1. Nf3 {[%clk 0:15:03]} d6 {[%clk 0:15:04]} 2. d4 {[%clk 0:14:53]} g6
{[%clk 0:14:47]} 3. e4 {[%clk 0:14:52]} Bg7 {[%clk 0:14:48]} 4. Bd3
{[%clk 0:14:38]} c5 {[%clk 0:13:55]} 5. d5 {[%clk 0:14:07]} Nf6 {[%clk 0:12:59]}
6. O-O {[%clk 0:14:03]} O-O {[%clk 0:12:46]} 7. Re1 {[%clk 0:13:18]} e5
{[%clk 0:10:44]} 8. a4 {[%clk 0:12:36]} Nh5 {[%clk 0:10:25]} 9. Na3
{[%clk 0:11:08]} h6 {[%clk 0:10:07]} 10. Nc4 {[%clk 0:10:53]} b6 {[%clk 0:10:05]}
11. c3 {[%clk 0:10:30]} Ba6 {[%clk 0:08:27]} 12. b4 {[%clk 0:09:22]} cxb4
{[%clk 0:07:27]} 13. cxb4 {[%clk 0:09:22]} Bxc4 {[%clk 0:06:11]} 14. Bxc4
{[%clk 0:09:24]} a6 {[%clk 0:06:13]} 15. Ra2 {[%clk 0:08:40]} Nd7
{[%clk 0:06:02]} 16. Bf1 {[%clk 0:08:03]} a5 {[%clk 0:05:44]} 17. Bd2
{[%clk 0:07:44]} axb4 {[%clk 0:05:44]} 18. Bxb4 {[%clk 0:07:46]} Nc5
{[%clk 0:05:45]} 19. Nd2 {[%clk 0:07:01]} f5 {[%clk 0:03:31]} 20. exf5
{[%clk 0:06:26]} Rxf5 {[%clk 0:03:13]} 21. Bxc5 {[%clk 0:05:24]} bxc5
{[%clk 0:03:05]} 22. g4 {[%clk 0:05:02]} Rf4 {[%clk 0:02:30]} 23. gxh5
{[%clk 0:04:50]} Qh4 {[%clk 0:02:31]} 24. Bg2 {[%clk 0:03:10]} Qxf2+
{[%clk 0:02:20]} 25. Kh1 {[%clk 0:03:12]} Raf8 {[%clk 0:02:21]} 26. Qe2
{[%clk 0:02:29]} e4 {[%clk 0:01:43]} 27. Nxe4 {[%clk 0:02:13]} Qh4
{[%clk 0:01:31]} 28. Nxd6 {[%clk 0:02:02]} Bd4 {[%clk 0:01:11]} 29. Qe6+
{[%clk 0:01:14]} Kh8 {[%clk 0:01:08]} 30. Rae2 {[%clk 0:01:07]} R4f6
{[%clk 0:01:01]} 31. Qe7 {[%clk 0:00:52]} Qxh5 {[%clk 0:00:52]} 32. Nc4
{[%clk 0:00:24]} Rf4 {[%clk 0:00:45]} 33. d6 {[%clk 0:00:23]} R4f7
{[%clk 0:00:30]} 34. Qe6 {[%clk 0:00:18]} Bc3 {[%clk 0:00:26]} 35. d7
{[%clk 0:00:17]} Bxe1 {[%clk 0:00:25]} 36. Qxf7 {[%clk 0:00:17]} Rxf7
{[%clk 0:00:26]} 37. d8=Q+ {[%clk 0:00:19]} Kg7 {[%clk 0:00:28]} 38. Rxe1
{[%clk 0:00:19]} Qh4 {[%clk 0:00:30]} 39. Qxh4 {[%clk 0:00:20]} 1-0

[Event "Rapide Nancy 2018"]
[Site "Nancy"]
[Date "2018.03.04"]
[Round "8.4"]
[White "CORNETTE, Deimante"]
[Black "RIFF, Jean-Noel"]
[Result "0-1"]
[BlackElo "2514"]
[WhiteElo "2350"]
[LiveChessVersion "1.4.8"]

1. e4 {[%clk 0:15:03]} c5 {[%clk 0:15:05]} 2. Nc3 {[%clk 0:15:04]} d6
{[%clk 0:15:05]} 3. f4 {[%clk 0:15:03]} g6 {[%clk 0:15:05]} 4. Nf3
{[%clk 0:15:03]} Bg7 {[%clk 0:15:07]} 5. Bb5+ {[%clk 0:15:01]} Bd7
{[%clk 0:15:02]} 6. Bc4 {[%clk 0:15:02]} Nf6 {[%clk 0:14:34]} 7. O-O
{[%clk 0:14:26]} b5 {[%clk 0:14:32]} 8. Bxb5 {[%clk 0:13:39]} Bxb5
{[%clk 0:14:30]} 9. Nxb5 {[%clk 0:13:41]} Nxe4 {[%clk 0:14:28]} 10. Re1
{[%clk 0:13:15]} Nf6 {[%clk 0:14:04]} 11. Qe2 {[%clk 0:12:04]} Nc6
{[%clk 0:13:35]} 12. d3 {[%clk 0:11:14]} O-O {[%clk 0:13:32]} 13. Nc3
{[%clk 0:11:01]} Rb8 {[%clk 0:13:06]} 14. Rb1 {[%clk 0:10:52]} e6
{[%clk 0:12:07]} 15. Ne4 {[%clk 0:08:29]} Nd5 {[%clk 0:12:09]} 16. c4
{[%clk 0:07:32]} Nde7 {[%clk 0:12:04]} 17. Kh1 {[%clk 0:07:20]} Nf5
{[%clk 0:12:05]} 18. b3 {[%clk 0:07:11]} Qc7 {[%clk 0:11:53]} 19. Bb2
{[%clk 0:06:53]} Ncd4 {[%clk 0:11:54]} 20. Nxd4 {[%clk 0:06:47]} Nxd4
{[%clk 0:11:55]} 21. Qf2 {[%clk 0:06:39]} Rb6 {[%clk 0:11:11]} 22. Qh4
{[%clk 0:05:35]} Qd8 {[%clk 0:11:13]} 23. Qh3 {[%clk 0:05:18]} Ra6
{[%clk 0:10:55]} 24. Bxd4 {[%clk 0:03:50]} Bxd4 {[%clk 0:10:57]} 25. Ng5
{[%clk 0:03:47]} h5 {[%clk 0:10:59]} 26. Re2 {[%clk 0:03:04]} Qf6
{[%clk 0:08:49]} 27. Rf1 {[%clk 0:02:38]} Qf5 {[%clk 0:08:51]} 28. Qxf5
{[%clk 0:02:31]} exf5 {[%clk 0:08:53]} 29. Nf3 {[%clk 0:02:02]} Bf6
{[%clk 0:08:54]} 30. Rd1 {[%clk 0:01:33]} Kg7 {[%clk 0:08:27]} 31. d4
{[%clk 0:01:31]} Rc8 {[%clk 0:08:00]} 32. dxc5 {[%clk 0:01:26]} dxc5
{[%clk 0:08:02]} 33. g3 {[%clk 0:01:08]} Rc7 {[%clk 0:07:38]} 34. Rd5
{[%clk 0:01:09]} Ra3 {[%clk 0:07:09]} 35. Ne5 {[%clk 0:01:04]} a5
{[%clk 0:07:07]} 36. Nd3 {[%clk 0:00:54]} Bd4 {[%clk 0:07:09]} 37. Ne1
{[%clk 0:00:39]} a4 {[%clk 0:05:28]} 38. Nc2 {[%clk 0:00:32]} Rxa2
{[%clk 0:05:30]} 39. Nxd4 {[%clk 0:00:33]} axb3 {[%clk 0:05:26]} 40. Rxa2
{[%clk 0:00:17]} bxa2 {[%clk 0:05:28]} 41. Nc2 {[%clk 0:00:14]} Rb7
{[%clk 0:05:30]} 42. Rxc5 Rb2 {[%clk 0:05:31]} 43. Na1 {[%clk 0:00:06]} Rb1+
{[%clk 0:05:20]} 44. Kg2 {[%clk 0:00:08]} Rxa1 {[%clk 0:05:22]} 45. Ra5
{[%clk 0:00:10]} Kf6 {[%clk 0:05:24]} 46. Ra6+ {[%clk 0:00:11]} Ke7
{[%clk 0:05:26]} 47. Kf2 {[%clk 0:00:13]} Rh1 {[%clk 0:05:28]} 0-1

[Event "Rapide Nancy 2018"]
[Site "Nancy"]
[Date "2018.03.04"]
[Round "9.1"]
[White "ALIENKIN, Aleksander"]
[Black "SHCHEKACHEV, Andrei"]
[Result "0-1"]
[BlackElo "2558"]
[WhiteElo "2397"]
[LiveChessVersion "1.4.8"]

1. d4 {[%clk 0:15:04]} Nf6 {[%clk 0:15:04]} 2. Nf3 {[%clk 0:15:05]} e6
{[%clk 0:15:02]} 3. c4 {[%clk 0:15:04]} Bb4+ {[%clk 0:15:02]} 4. Bd2
{[%clk 0:15:03]} Qe7 {[%clk 0:15:03]} 5. g3 {[%clk 0:15:04]} Bxd2+
{[%clk 0:15:02]} 6. Qxd2 {[%clk 0:14:54]} Nc6 {[%clk 0:15:01]} 7. Nc3
{[%clk 0:14:50]} d5 {[%clk 0:15:01]} 8. Bg2 {[%clk 0:14:36]} dxc4
{[%clk 0:14:45]} 9. O-O {[%clk 0:14:33]} O-O {[%clk 0:14:43]} 10. Ne5
{[%clk 0:14:04]} Nxe5 {[%clk 0:14:07]} 11. dxe5 {[%clk 0:14:05]} Nd7
{[%clk 0:14:03]} 12. f4 {[%clk 0:13:42]} Rb8 {[%clk 0:13:11]} 13. Ne4
{[%clk 0:13:17]} Nb6 {[%clk 0:11:13]} 14. Rfd1 {[%clk 0:11:55]} Bd7
{[%clk 0:11:04]} 15. Qc2 {[%clk 0:10:16]} h6 {[%clk 0:10:42]} 16. a4
{[%clk 0:09:21]} a5 {[%clk 0:09:59]} 17. Nc3 {[%clk 0:08:06]} Bc6
{[%clk 0:09:00]} 18. Bxc6 {[%clk 0:07:37]} Qc5+ {[%clk 0:09:01]} 19. Kg2
{[%clk 0:07:31]} Qxc6+ {[%clk 0:08:43]} 20. Kh3 {[%clk 0:07:17]} Rfd8
{[%clk 0:08:07]} 21. Rxd8+ {[%clk 0:07:10]} Rxd8 {[%clk 0:08:08]} 22. Rd1
{[%clk 0:07:11]} Rd7 {[%clk 0:07:42]} 23. Nb5 {[%clk 0:06:44]} Nd5
{[%clk 0:06:37]} 24. Rd4 {[%clk 0:05:38]} Ne3 {[%clk 0:05:00]} 25. Qe4
{[%clk 0:05:36]} Rxd4 {[%clk 0:04:56]} 26. Qxc6 {[%clk 0:05:34]} bxc6
{[%clk 0:04:58]} 27. Nxd4 {[%clk 0:05:35]} Nd1 {[%clk 0:05:00]} 28. b4 axb4 29.
a5 Ne3 0-1

[Event "Rapide Nancy 2018"]
[Site "Nancy"]
[Date "2018.03.04"]
[Round "9.2"]
[White "DONCHENKO, Alexander"]
[Black "IDER, Borya"]
[Result "1-0"]
[BlackElo "2521"]
[WhiteElo "2443"]
[LiveChessVersion "1.4.8"]

1. d4 {[%clk 0:15:05]} e6 {[%clk 0:15:04]} 2. c4 {[%clk 0:15:06]} Nf6
{[%clk 0:15:02]} 3. g3 {[%clk 0:15:07]} d5 {[%clk 0:15:02]} 4. Bg2
{[%clk 0:15:09]} Bb4+ {[%clk 0:14:57]} 5. Nd2 {[%clk 0:15:10]} O-O
{[%clk 0:14:50]} 6. Ngf3 {[%clk 0:15:11]} dxc4 {[%clk 0:14:35]} 7. a3
{[%clk 0:15:13]} Bxd2+ {[%clk 0:14:17]} 8. Bxd2 {[%clk 0:15:15]} Bd7
{[%clk 0:13:39]} 9. Ne5 {[%clk 0:14:36]} Nc6 {[%clk 0:13:38]} 10. Bg5
{[%clk 0:13:51]} Be8 {[%clk 0:13:22]} 11. Nxc6 {[%clk 0:12:57]} Bxc6
{[%clk 0:13:23]} 12. Bxc6 {[%clk 0:12:58]} bxc6 {[%clk 0:13:25]} 13. O-O
{[%clk 0:12:57]} Rb8 {[%clk 0:13:10]} 14. Rc1 {[%clk 0:12:25]} Rxb2
{[%clk 0:13:02]} 15. Rxc4 {[%clk 0:12:25]} Qd5 {[%clk 0:12:07]} 16. Rc5
{[%clk 0:12:02]} Qa2 {[%clk 0:12:08]} 17. Bxf6 {[%clk 0:11:55]} gxf6
{[%clk 0:12:10]} 18. e3 {[%clk 0:10:39]} Qxa3 {[%clk 0:11:34]} 19. Qg4+
{[%clk 0:09:23]} Kh8 {[%clk 0:11:36]} 20. Qh4 {[%clk 0:08:01]} Kg7
{[%clk 0:11:36]} 21. Qg4+ {[%clk 0:06:33]} Kh8 {[%clk 0:11:39]} 22. Qf4
{[%clk 0:06:27]} f5 {[%clk 0:09:38]} 23. Qxc7 {[%clk 0:06:04]} Rbb8
{[%clk 0:08:37]} 24. h4 {[%clk 0:05:31]} h6 {[%clk 0:07:54]} 25. Rfc1
{[%clk 0:04:25]} Rbc8 {[%clk 0:07:09]} 26. Qe5+ {[%clk 0:04:16]} Kh7
{[%clk 0:07:11]} 27. Rb1 {[%clk 0:04:04]} Qd3 {[%clk 0:06:40]} 28. Rb7
{[%clk 0:04:03]} Kg8 {[%clk 0:05:45]} 29. Ra5 {[%clk 0:03:01]} a6
{[%clk 0:05:47]} 30. Ra1 {[%clk 0:02:44]} Qe2 {[%clk 0:04:44]} 31. Qf6
{[%clk 0:02:32]} Rb8 {[%clk 0:04:44]} 32. Rab1 {[%clk 0:01:58]} Rxb7
{[%clk 0:04:45]} 33. Rxb7 {[%clk 0:02:00]} Qh5 {[%clk 0:04:38]} 34. Ra7
{[%clk 0:01:26]} Rb8 {[%clk 0:04:18]} 35. Kg2 {[%clk 0:01:22]} Qg6
{[%clk 0:02:35]} 36. Qe5 {[%clk 0:01:24]} Rc8 {[%clk 0:02:27]} 37. Rxa6
{[%clk 0:01:23]} Qg4 {[%clk 0:02:26]} 38. Ra7 {[%clk 0:00:27]} Qg7
{[%clk 0:01:43]} 39. Qc5 {[%clk 0:00:27]} Qf8 {[%clk 0:01:37]} 40. Qe5
{[%clk 0:00:26]} Qg7 {[%clk 0:01:38]} 41. Qd6 {[%clk 0:00:28]} Qf8
{[%clk 0:01:36]} 42. Qd7 {[%clk 0:00:09]} c5 {[%clk 0:01:26]} 43. dxc5
{[%clk 0:00:08]} Rxc5 {[%clk 0:01:26]} 44. Qd4 {[%clk 0:00:08]} Rc8
{[%clk 0:01:20]} 45. Qf6 {[%clk 0:00:08]} Qg7 {[%clk 0:01:18]} 46. Qe7
{[%clk 0:00:07]} Qg6 {[%clk 0:01:15]} 47. Qd7 {[%clk 0:00:07]} Rf8
{[%clk 0:01:15]} 48. Qd4 {[%clk 0:00:09]} Re8 {[%clk 0:01:15]} 49. Qe5
{[%clk 0:00:10]} Qg4 {[%clk 0:01:14]} 50. Rd7 {[%clk 0:00:07]} Qg7
{[%clk 0:01:11]} 51. Qc7 {[%clk 0:00:08]} e5 {[%clk 0:01:04]} 52. Rd5
{[%clk 0:00:09]} Qf6 {[%clk 0:01:02]} 53. Rd6 {[%clk 0:00:11]} Re6
{[%clk 0:01:04]} 54. Rd8+ {[%clk 0:00:11]} Kh7 {[%clk 0:01:05]} 55. Rd7
{[%clk 0:00:13]} Kg7 {[%clk 0:01:01]} 56. Qb8 {[%clk 0:00:11]} Rb6
{[%clk 0:01:01]} 57. Qc7 {[%clk 0:00:12]} Rc6 {[%clk 0:00:48]} 58. Rxf7+
{[%clk 0:00:13]} Qxf7 {[%clk 0:00:47]} 59. Qxc6 Qe7 {[%clk 0:00:47]} 60. h5
{[%clk 0:00:16]} Qf7 {[%clk 0:00:48]} 61. Qd6 {[%clk 0:00:15]} e4
{[%clk 0:00:47]} 62. Qe5+ {[%clk 0:00:16]} Kh7 {[%clk 0:00:50]} 63. g4
{[%clk 0:00:18]} fxg4 {[%clk 0:00:29]} 64. Qxe4+ Kh8 {[%clk 0:00:26]} 65. Qd4+
{[%clk 0:00:22]} Kh7 {[%clk 0:00:22]} 66. Qe4+ {[%clk 0:00:24]} Kh8
{[%clk 0:00:24]} 67. Qd4+ {[%clk 0:00:27]} Kh7 {[%clk 0:00:26]} 68. Qxg4
{[%clk 0:00:29]} Qd5+ {[%clk 0:00:28]} 69. Kh2 {[%clk 0:00:27]} Qd6+
{[%clk 0:00:27]} 70. Kh3 {[%clk 0:00:29]} Qf8 {[%clk 0:00:23]} 71. f4
{[%clk 0:00:29]} Kh8 {[%clk 0:00:23]} 72. Qg6 {[%clk 0:00:30]} Qc8+
{[%clk 0:00:25]} 73. Qg4 {[%clk 0:00:31]} Qe8 {[%clk 0:00:27]} 74. Qf3
{[%clk 0:00:29]} Kg7 {[%clk 0:00:25]} 75. Qb7+ {[%clk 0:00:29]} Kh8
{[%clk 0:00:27]} 76. Qf3 {[%clk 0:00:31]} Kg7 {[%clk 0:00:29]} 77. e4
{[%clk 0:00:33]} Kh8 {[%clk 0:00:24]} 78. Qc3+ {[%clk 0:00:33]} Kh7
{[%clk 0:00:25]} 79. Qc7+ {[%clk 0:00:33]} Kh8 {[%clk 0:00:25]} 80. Qe5+
{[%clk 0:00:34]} 1-0